[Event "6. Torneo Distrito Chamartin 2017"]
[Site "Madrid ESP"]
[Date "2017.09.06"]
[Round "4.37"]
[White "Tudela Garcia, Antonio"]
[Black "Lopez Garcia, Rafael"]
[Result "0-1"]
[WhiteElo "1593"]
[BlackElo "1392"]
[PlyCount "74"]
[EventDate "2017.09.04"]
[EventType "swiss"]
[EventRounds "9"]
[EventCountry "ESP"]
[SourceTitle "Ajedrez en Madrid"]
[Source "lmi"]
[SourceDate "2017.09.04"]
[SourceVersion "1"]
[SourceVersionDate "2018.03.05"]
[SourceQuality "1"]

1. e4 c5 2. Nc3 Nc6 3. f4 d6 4. Nf3 e6 5. Bb5 Nf6 6. O-O g6 7. d4 a6 8. Bxc6+
bxc6 9. dxc5 d5 10. Be3 Bg7 11. e5 Nd7 12. Qe1 O-O 13. Bd4 f6 14. exf6 Nxf6 15.
Be5 Ra7 16. Nd4 Bd7 17. Na4 Ng4 18. Bxg7 Kxg7 19. h3 Nf6 20. Nxe6+ Bxe6 21.
Qxe6 Qa5 22. b3 Re8 23. Qxc6 Qd2 24. Rf2 Re1+ 25. Rxe1 Qxe1+ 26. Rf1 Qe3+ 27.
Kh2 Re7 28. Qd6 Re6 29. Rf3 Qe1 30. Qc7+ Re7 31. Qb8 Qh4 32. Rg3 Re1 33. Qc7+
Kh6 34. f5 Qd4 35. Rf3 Qg1+ 36. Kg3 Nh5+ 37. Kg4 Re4+ 0-1

[Event "6. Torneo Distrito Chamartin 2017"]
[Site "Madrid ESP"]
[Date "2017.09.06"]
[Round "4.38"]
[White "Alameda Arellano, Cristeto"]
[Black "Centeno Mateos, Domingo"]
[Result "0-1"]
[WhiteElo "1577"]
[BlackElo "1349"]
[PlyCount "104"]
[EventDate "2017.09.04"]
[EventType "swiss"]
[EventRounds "9"]
[EventCountry "ESP"]
[SourceTitle "Ajedrez en Madrid"]
[Source "lmi"]
[SourceDate "2017.09.04"]
[SourceVersion "1"]
[SourceVersionDate "2018.03.05"]
[SourceQuality "1"]

1. d4 Nf6 2. Bf4 d5 3. e3 e6 4. Nd2 c5 5. c3 Nc6 6. Ngf3 Be7 7. Bd3 c4 8. Bc2
b5 9. a3 O-O 10. Ne5 Bb7 11. Qf3 Bd6 12. Qg3 Nh5 13. Qh3 g6 14. Bh6 Ng7 15. f4
f6 16. Nxc6 Bxc6 17. Bxg7 Kxg7 18. Qxe6 f5 19. g4 Re8 20. gxf5 Rxe6 21. fxe6
Qh4+ 22. Ke2 Qg4+ 23. Kf2 Qxe6 24. Nf3 Re8 25. Rae1 Rf8 26. Rhg1 Be8 27. h4 Kh8
28. Ng5 Qf6 29. Ke2 Bd7 30. h5 Bf5 31. e4 dxe4 32. Bxe4 Bxe4 33. Nxe4 Qxf4 34.
Kd1 Qf3+ 35. Kc1 Bf4+ 36. Kb1 Qxh5 37. Rgf1 Qf5 38. Ka2 Qd5 39. Nc5 Bd6 40.
Rxf8+ Bxf8 41. Re5 Qf7 42. Ne6 a6 43. Ng5 Qf6 44. d5 Qxe5 45. Nf7+ Kg7 46. Nxe5
Bd6 47. Nf3 h5 48. Nh4 Kf6 49. Kb1 g5 50. Nf3 h4 51. Nd2 Kf5 52. Nf1 h3 0-1

[Event "6. Torneo Distrito Chamartin 2017"]
[Site "Madrid ESP"]
[Date "2017.09.06"]
[Round "4.39"]
[White "Cerioni Serret, Luca"]
[Black "Osuna Osuna, Francisco"]
[Result "0-1"]
[WhiteElo "1419"]
[BlackElo "1574"]
[PlyCount "122"]
[EventDate "2017.09.04"]
[EventType "swiss"]
[EventRounds "9"]
[EventCountry "ESP"]
[SourceTitle "Ajedrez en Madrid"]
[Source "lmi"]
[SourceDate "2017.09.04"]
[SourceVersion "1"]
[SourceVersionDate "2018.03.05"]
[SourceQuality "1"]

1. e4 d5 2. exd5 Qxd5 3. Nc3 Qa5 4. Nf3 Nf6 5. Be2 Bg4 6. Nd4 Bxe2 7. Qxe2 Qh5
8. Qxh5 Nxh5 9. d3 c6 10. Be3 e6 11. O-O Nd7 12. a3 Be7 13. b4 O-O 14. Nb3 Bf6
15. d4 g6 16. Ne4 b6 17. c4 Bg7 18. Ra2 Nhf6 19. Nd6 Ne8 20. Bf4 e5 21. dxe5
Bxe5 22. Bxe5 Nxe5 23. c5 Nxd6 24. cxd6 Rad8 25. Rd1 Nc4 26. d7 f6 27. Rc2 Ne5
28. f4 Rxd7 29. Rxd7 Nxd7 30. Rxc6 Rf7 31. Nd4 f5 32. Nb5 Nf8 33. Rc8 Rd7 34.
Ra8 Rd1+ 35. Kf2 Rd2+ 36. Kf3 Rb2 37. Rxa7 Rb3+ 38. Kf2 Rb2+ 39. Kg3 Rb3+ 40.
Kh4 Rb2 41. Kg3 Rb3+ 42. Kh4 Rb2 43. Kg5 Rxg2+ 44. Kf6 h6 45. Rg7+ Kh8 46. Nd6
Nh7+ 47. Kf7 Ng5+ 48. fxg5 Rd2 49. Rg8+ Kh7 50. Rg7+ Kh8 51. Rg8+ Kh7 52. Ne8
Rd7+ 53. Kf8 Rd8 54. Rg7+ Kh8 55. Rg8+ Kh7 56. Rg7+ Kh8 57. gxh6 Ra8 58. Rg8+
Kh7 59. Rg7+ Kxh6 60. Ke7 Rxe8+ 61. Kf6 Rf8+ 0-1

[Event "6. Torneo Distrito Chamartin 2017"]
[Site "Madrid ESP"]
[Date "2017.09.06"]
[Round "4.42"]
[White "Pareja Cerrato, Antonio"]
[Black "Gijon Molina, Carlos"]
[Result "1-0"]
[WhiteElo "1525"]
[BlackElo "1189"]
[PlyCount "71"]
[EventDate "2017.09.04"]
[EventType "swiss"]
[EventRounds "9"]
[EventCountry "ESP"]
[SourceTitle "Ajedrez en Madrid"]
[Source "lmi"]
[SourceDate "2017.09.04"]
[SourceVersion "1"]
[SourceVersionDate "2018.03.05"]
[SourceQuality "1"]

1. e4 c5 2. Nf3 Nc6 3. d4 cxd4 4. Nxd4 e5 5. Nb3 b6 6. Nc3 Bc5 7. Nxc5 bxc5 8.
Bc4 Nf6 9. O-O d6 10. Bg5 h6 11. Bh4 g5 12. Bg3 Nd4 13. Bb5+ Kf8 14. Bc4 Bb7
15. Bd5 Qd7 16. f3 Rb8 17. Rb1 Rg8 18. Bxb7 Qxb7 19. Nd5 Nxd5 20. exd5 Qxd5 21.
c3 f5 22. cxd4 f4 23. Bf2 Rb4 24. dxc5 Qe6 25. Qxd6+ Kf7 26. Qxe6+ Kxe6 27.
Rfd1 Rgb8 28. b3 e4 29. fxe4 Ke5 30. Rd6 Ra4 31. Rxh6 Rxa2 32. c6 Rxb3 33. Rxb3
Ra1+ 34. Be1 Kxe4 35. Rc3 Kf5 36. Kf1 1-0

[Event "6. Torneo Distrito Chamartin 2017"]
[Site "Madrid ESP"]
[Date "2017.09.06"]
[Round "4.43"]
[White "Yeghikyan, Yeva"]
[Black "Abad Martin-Camuñas, Luis"]
[Result "0-1"]
[WhiteElo "1106"]
[BlackElo "1397"]
[PlyCount "90"]
[EventDate "2017.09.04"]
[EventType "swiss"]
[EventRounds "9"]
[EventCountry "ESP"]
[SourceTitle "Ajedrez en Madrid"]
[Source "lmi"]
[SourceDate "2017.09.04"]
[SourceVersion "1"]
[SourceVersionDate "2018.03.05"]
[SourceQuality "1"]

1. d4 Nf6 2. Nf3 d5 3. g3 e6 4. Bg2 c5 5. O-O Nc6 6. b3 cxd4 7. Nxd4 Qb6 8.
Nxc6 Qxc6 9. Nd2 Qc3 10. Rb1 Qc7 11. Bb2 Be7 12. Nf3 O-O 13. Be5 Qd8 14. Qd3
Nd7 15. Bb2 Bf6 16. Bxf6 Nxf6 17. Ne5 Qc7 18. Nf3 Bd7 19. Rbc1 Rac8 20. c4 Bc6
21. cxd5 Nxd5 22. Ng5 g6 23. e4 Nb4 24. Qd4 Qe7 25. f4 Bb5 26. Rxc8 Rxc8 27.
Rd1 Nc2 28. Qxa7 Ba6 29. Bf1 Qa3 30. Bxa6 Qxa6 31. Qxa6 bxa6 32. Rc1 Kf8 33.
Kf2 Ke8 34. Ke2 Nd4+ 35. Kd1 Rxc1+ 36. Kxc1 h6 37. Nh3 Nf3 38. b4 Kd7 39. Kb2
Kc6 40. Kb3 Nxh2 41. Kc4 Nf1 42. Kc3 Nxg3 43. a4 Nxe4+ 44. Kc4 Nd6+ 45. Kd4 f6
0-1

[Event "6. Torneo Distrito Chamartin 2017"]
[Site "Madrid ESP"]
[Date "2017.09.06"]
[Round "4.45"]
[White "Sanchez Rivero, Miguel"]
[Black "Villarroya Samaniego, Javier"]
[Result "1-0"]
[WhiteElo "1716"]
[BlackElo "1358"]
[PlyCount "91"]
[EventDate "2017.09.04"]
[EventType "swiss"]
[EventRounds "9"]
[EventCountry "ESP"]
[SourceTitle "Ajedrez en Madrid"]
[Source "lmi"]
[SourceDate "2017.09.04"]
[SourceVersion "1"]
[SourceVersionDate "2018.03.05"]
[SourceQuality "1"]

1. e4 e6 2. d4 d5 3. exd5 exd5 4. Nf3 Nf6 5. Bd3 Bd6 6. O-O O-O 7. Bg5 Bg4 8.
Nbd2 Nbd7 9. c3 c6 10. h3 Bh5 11. Qc2 Bg6 12. Rfe1 Bxd3 13. Qxd3 Qc7 14. c4 b6
15. cxd5 Nxd5 16. Nc4 N7f6 17. Nxd6 Qxd6 18. a3 Rfe8 19. Bd2 Rxe1+ 20. Rxe1 Re8
21. Re5 Qd7 22. g4 Rxe5 23. Nxe5 Qc7 24. Qf3 c5 25. g5 Ne8 26. Qxd5 g6 27. Qd7
Qxd7 28. Nxd7 cxd4 29. Nf6+ Nxf6 30. gxf6 Kf8 31. Kf1 Ke8 32. Ke2 Kd7 33. Kd3
Ke6 34. Bg5 Kd5 35. b4 a6 36. a4 b5 37. axb5 axb5 38. f4 h5 39. Bh4 Ke6 40.
Kxd4 Kd6 41. Ke4 Ke6 42. Bg5 Kd6 43. f5 gxf5+ 44. Kxf5 Kd5 45. Bf4 Kc4 46. Bd6
1-0

[Event "6. Torneo Distrito Chamartin 2017"]
[Site "Madrid ESP"]
[Date "2017.09.06"]
[Round "4.46"]
[White "Martinez Martinez, Antonio"]
[Black "Perdiguero Herreros, Alejandro"]
[Result "0-1"]
[WhiteElo "1525"]
[BlackElo "1263"]
[PlyCount "77"]
[EventDate "2017.09.04"]
[EventType "swiss"]
[EventRounds "9"]
[EventCountry "ESP"]
[SourceTitle "Ajedrez en Madrid"]
[Source "lmi"]
[SourceDate "2017.09.04"]
[SourceVersion "1"]
[SourceVersionDate "2018.03.05"]
[SourceQuality "1"]

1. e4 c5 2. Bc4 Nc6 3. Nf3 g6 4. Nc3 Bg7 5. Nd5 e6 6. Ne3 d6 7. c3 Nf6 8. Qc2
O-O 9. O-O a6 10. a3 b5 11. Be2 Bb7 12. d3 Ne7 13. g3 d5 14. e5 Nd7 15. d4 cxd4
16. cxd4 Rc8 17. Qd3 f6 18. exf6 Nxf6 19. Ng5 Qd7 20. Ng4 Ne4 21. h4 Nxg5 22.
hxg5 Nf5 23. Be3 Rfe8 24. Ne5 Bxe5 25. dxe5 Qg7 26. f4 Nxg3 27. Rf3 Nxe2+ 28.
Qxe2 d4 29. Bxd4 Bxf3 30. Qxf3 Red8 31. Bc3 Rc4 32. Ba5 Rf8 33. b3 Qa7+ 34. Kh2
Rc2+ 35. Kh3 Rb2 36. Rf1 Qa8 37. Qc3 Qg2+ 38. Kh4 Qh2+ 39. Kg4 0-1

[Event "6. Torneo Distrito Chamartin 2017"]
[Site "Madrid ESP"]
[Date "2017.09.06"]
[Round "4.47"]
[White "Bermudez Valles, Juan Alejandro"]
[Black "Gonzalez Martinez, Maria Yolanda"]
[Result "1-0"]
[WhiteElo "1373"]
[BlackElo "1145"]
[PlyCount "113"]
[EventDate "2017.09.04"]
[EventType "swiss"]
[EventRounds "9"]
[EventCountry "ESP"]
[SourceTitle "Ajedrez en Madrid"]
[Source "lmi"]
[SourceDate "2017.09.04"]
[SourceVersion "1"]
[SourceVersionDate "2018.03.05"]
[SourceQuality "1"]

1. e4 c5 2. Bc4 Nf6 3. Nc3 d6 4. Nf3 Nbd7 5. O-O a6 6. d3 Nb6 7. Bb3 Bg4 8. h3
Bd7 9. a3 g6 10. d4 cxd4 11. Qxd4 Bg7 12. e5 dxe5 13. Qxe5 O-O 14. Bg5 Re8 15.
Qe3 a5 16. Bh6 a4 17. Ba2 Ra5 18. Bxg7 Kxg7 19. Ng5 e6 20. Rad1 Nbd5 21. Qd4
Bc6 22. Nf3 Qc7 23. b4 axb3 24. Bxb3 Nxc3 25. Qxc3 Rxa3 26. Ra1 Rxa1 27. Rxa1
Qf4 28. Re1 Kf8 29. Qc5+ Kg8 30. Nd2 Qxd2 31. Qe5 Kg7 32. f3 b5 33. Re2 Qd7 34.
Kf2 Bd5 35. g4 Bc4 36. Bxc4 bxc4 37. g5 Qe7 38. gxf6+ Qxf6 39. Re4 Rd8 40.
Qxf6+ Kxf6 41. Rxc4 Rd2+ 42. Kg3 g5 43. c3 Rd3 44. h4 h6 45. hxg5+ hxg5 46. Kg4
Kg6 47. Rc5 f5+ 48. Kg3 g4 49. c4 Kf6 50. Rb5 Kg5 51. c5 f4+ 52. Kg2 Rxf3 53.
c6+ Kh4 54. Rc5 Rg3+ 55. Kf2 f3 56. c7 Kh3 57. Rh5# 1-0

[Event "6. Torneo Distrito Chamartin 2017"]
[Site "Madrid ESP"]
[Date "2017.09.07"]
[Round "5.1"]
[White "Quispe Arteaga, Gabriel"]
[Black "Martin Duque, Jesus"]
[Result "1/2-1/2"]
[WhiteElo "2197"]
[BlackElo "2387"]
[PlyCount "84"]
[EventDate "2017.09.04"]
[EventType "swiss"]
[EventRounds "9"]
[EventCountry "ESP"]
[SourceTitle "Ajedrez en Madrid"]
[Source "lmi"]
[SourceDate "2017.09.04"]
[SourceVersion "1"]
[SourceVersionDate "2018.03.05"]
[SourceQuality "1"]

1. Nf3 Nf6 2. g3 g6 3. Bg2 Bg7 4. O-O O-O 5. d4 d6 6. c4 Nc6 7. Nc3 Rb8 8. h3
a6 9. e4 b5 10. d5 b4 11. Ne2 Na5 12. Nfd4 c5 13. dxc6 e5 14. Nb3 Nxb3 15. axb3
Qc7 16. Qd3 Qxc6 17. Rd1 Rd8 18. Be3 Bb7 19. f3 Qc7 20. g4 a5 21. Ng3 Bf8 22.
Nf1 Nd7 23. Qc2 Ra8 24. Bf2 Nc5 25. Ne3 Rdc8 26. Nd5 Qd8 27. Be3 Be7 28. Nxe7+
Qxe7 29. Rd2 g5 30. Rad1 Ra6 31. Bxc5 Rxc5 32. Qd3 h6 33. Kh2 Kf8 34. Bf1 Qc7
35. Qe3 Ke7 36. Kg3 Ke6 37. h4 Qe7 38. Rh2 Qf6 39. hxg5 hxg5 40. Rh5 Qf4+ 41.
Kf2 Qxe3+ 42. Kxe3 Kf6 1/2-1/2

[Event "6. Torneo Distrito Chamartin 2017"]
[Site "Madrid ESP"]
[Date "2017.09.07"]
[Round "5.2"]
[White "Moreno Ibañez, Miguel"]
[Black "Sanchez Jerez, Emilio Miguel"]
[Result "0-1"]
[WhiteElo "2289"]
[BlackElo "2140"]
[PlyCount "106"]
[EventDate "2017.09.04"]
[EventType "swiss"]
[EventRounds "9"]
[EventCountry "ESP"]
[SourceTitle "Ajedrez en Madrid"]
[Source "lmi"]
[SourceDate "2017.09.04"]
[SourceVersion "1"]
[SourceVersionDate "2018.03.05"]
[SourceQuality "1"]

1. e4 c5 2. Nf3 Nf6 3. e5 Nd5 4. g3 Nc6 5. Bg2 g6 6. O-O Bg7 7. Re1 d6 8. exd6
Qxd6 9. Nc3 Nxc3 10. dxc3 Qxd1 11. Rxd1 Bd7 12. Be3 c4 13. Nd4 Bxd4 14. Bxd4
O-O 15. Be3 Rfd8 16. a4 Bf5 17. Rxd8+ Nxd8 18. a5 a6 19. Ra4 Rc8 20. Bd5 e6 21.
Bxc4 Bxc2 22. Rb4 Nc6 23. Rb6 Nxa5 24. Be2 Be4 25. Rd6 Nc6 26. f3 Bc2 27. Rd7
b5 28. Bg5 Bf5 29. Bf6 h5 30. Kf2 e5 31. Rd6 Be6 32. Bd3 Bc4 33. Be4 Na5 34.
Rxa6 Nb3 35. Ra7 Nc5 36. Bc2 Re8 37. Ke3 Kh7 38. b4 Na4 39. Bxa4 bxa4 40. Rxa4
Re6 41. Bh4 f6 42. Ra7+ Kh6 43. Rc7 Bf1 44. Kf2 Bd3 45. g4 hxg4 46. fxg4 f5 47.
gxf5 gxf5 48. c4 f4 49. c5 Kh5 50. Re7 Rxe7 51. Bxe7 e4 52. c6 e3+ 53. Ke1 f3
0-1

[Event "6. Torneo Distrito Chamartin 2017"]
[Site "Madrid ESP"]
[Date "2017.09.07"]
[Round "5.3"]
[White "Alfaya Marcelo, Roberto"]
[Black "Alvarez Serrano, Carlos"]
[Result "1/2-1/2"]
[WhiteElo "2126"]
[BlackElo "2212"]
[PlyCount "80"]
[EventDate "2017.09.04"]
[EventType "swiss"]
[EventRounds "9"]
[EventCountry "ESP"]
[SourceTitle "Ajedrez en Madrid"]
[Source "lmi"]
[SourceDate "2017.09.04"]
[SourceVersion "1"]
[SourceVersionDate "2018.03.05"]
[SourceQuality "1"]

1. e4 e6 2. d4 d5 3. Bd3 c5 4. exd5 Qxd5 5. Nc3 Qd8 6. Nf3 Nf6 7. O-O Nbd7 8.
Qe2 Be7 9. Bg5 O-O 10. Rad1 cxd4 11. Nxd4 Qa5 12. Nxe6 fxe6 13. Qxe6+ Kh8 14.
Nb5 Bc5 15. Qf5 Qb6 16. Bf4 Nb8 17. Qg5 Na6 18. Qh4 Be6 19. Be5 Bg8 20. a3 Rae8
21. Rde1 Nd7 22. Bg3 Rxe1 23. Rxe1 Qf6 24. b4 Bb6 25. Qxf6 Nxf6 26. c4 Rd8 27.
Bf1 Bd4 28. c5 Nxc5 29. Nxd4 Rxd4 30. bxc5 Bd5 31. Be5 Rd2 32. f3 Kg8 33. Bc3
Rc2 34. Bb4 Kf7 35. Bd3 Ra2 36. Re2 Ra1+ 37. Kf2 a5 38. Bd2 Rxa3 39. Bb5 Bc6
40. Bc4+ Bd5 1/2-1/2

[Event "6. Torneo Distrito Chamartin 2017"]
[Site "Madrid ESP"]
[Date "2017.09.07"]
[Round "5.4"]
[White "Rottenwohrer Suarez, Juan"]
[Black "Delgado Alarcon, Jesus Francisco"]
[Result "1-0"]
[WhiteElo "2180"]
[BlackElo "2094"]
[PlyCount "63"]
[EventDate "2017.09.04"]
[EventType "swiss"]
[EventRounds "9"]
[EventCountry "ESP"]
[SourceTitle "Ajedrez en Madrid"]
[Source "lmi"]
[SourceDate "2017.09.04"]
[SourceVersion "1"]
[SourceVersionDate "2018.03.05"]
[SourceQuality "1"]

1. Nf3 f5 2. d3 Nf6 3. g3 d5 4. Bg2 e6 5. O-O Bc5 6. Nbd2 O-O 7. b3 h6 8. Bb2
Nbd7 9. Qe1 Re8 10. e4 b6 11. e5 Nh7 12. Qe2 Bb7 13. Ne1 g5 14. Qh5 Kg7 15. d4
Be7 16. h3 Rf8 17. f4 c5 18. c4 cxd4 19. cxd5 Bxd5 20. Bxd5 exd5 21. Nc2 b5 22.
Nxd4 Bc5 23. Kg2 Qb6 24. fxg5 Bxd4 25. Bxd4 Qxd4 26. Qxh6+ Kf7 27. g6+ Ke7 28.
gxh7 Nxe5 29. Rae1 Kd7 30. Qg7+ Rf7 31. Qxe5 Qxd2+ 32. Rf2 1-0

[Event "6. Torneo Distrito Chamartin 2017"]
[Site "Madrid ESP"]
[Date "2017.09.07"]
[Round "5.5"]
[White "Anton Quevedo, Andrea"]
[Black "Bustos Bernardo, Samuel"]
[Result "1-0"]
[WhiteElo "1954"]
[BlackElo "2096"]
[PlyCount "35"]
[EventDate "2017.09.04"]
[EventType "swiss"]
[EventRounds "9"]
[EventCountry "ESP"]
[SourceTitle "Ajedrez en Madrid"]
[Source "lmi"]
[SourceDate "2017.09.04"]
[SourceVersion "1"]
[SourceVersionDate "2018.03.05"]
[SourceQuality "1"]

1. e4 c5 2. Nf3 d6 3. d4 cxd4 4. Nxd4 Nf6 5. Nc3 a6 6. Be2 e5 7. Nb3 Be7 8. O-O
O-O 9. Kh1 Be6 10. f4 Qc7 11. Qe1 b5 12. a3 Nbd7 13. Bd2 Nxe4 14. Nxe4 Qxc2 15.
Bd1 Qd3 16. Rf3 Qd5 17. f5 Bxf5 18. Rxf5 1-0

[Event "6. Torneo Distrito Chamartin 2017"]
[Site "Madrid ESP"]
[Date "2017.09.07"]
[Round "5.6"]
[White "Perez Gonzalez, Daniel"]
[Black "Fernandez Alvarez, Luis"]
[Result "0-1"]
[WhiteElo "1894"]
[BlackElo "2088"]
[PlyCount "108"]
[EventDate "2017.09.04"]
[EventType "swiss"]
[EventRounds "9"]
[EventCountry "ESP"]
[SourceTitle "Ajedrez en Madrid"]
[Source "lmi"]
[SourceDate "2017.09.04"]
[SourceVersion "1"]
[SourceVersionDate "2018.03.05"]
[SourceQuality "1"]

1. e4 c5 2. Nf3 d6 3. d4 Nf6 4. Nc3 cxd4 5. Nxd4 a6 6. Be3 Ng4 7. Bc1 Nf6 8.
Be3 Ng4 9. Bc1 Nc6 10. Be2 Nf6 11. Be3 e6 12. O-O Be7 13. a4 O-O 14. Kh1 Qc7
15. Nb3 Bd7 16. a5 Rac8 17. f3 Ne5 18. Bb6 Qb8 19. Qd2 Nc4 20. Bxc4 Rxc4 21.
Rfd1 Rcc8 22. Qe3 Bc6 23. Nd4 Nd7 24. Nxc6 Rxc6 25. Na4 Rxc2 26. Qb3 Rc6 27. f4
Nf6 28. Nc3 d5 29. exd5 Nxd5 30. Nxd5 exd5 31. g3 Qc8 32. Qxd5 Bf6 33. Qd7 Rc2
34. Qxc8 Rfxc8 35. Rd7 Rxb2 36. Rad1 h5 37. R7d2 Rxd2 38. Rxd2 Re8 39. Bc5 Rd8
40. Rc2 Rc8 41. Rc1 Be7 42. Be3 Rxc1+ 43. Bxc1 Bb4 44. Kg2 Bxa5 45. Kf3 f5 46.
Ke3 Bb6+ 47. Kf3 Kf7 48. h3 Ke6 49. g4 hxg4+ 50. hxg4 g6 51. gxf5+ gxf5 52. Ke2
Kd5 53. Kd3 Bd4 54. Ba3 a5 0-1

[Event "6. Torneo Distrito Chamartin 2017"]
[Site "Madrid ESP"]
[Date "2017.09.07"]
[Round "5.7"]
[White "Camarero Izquierdo, Juan Carlos"]
[Black "Yingrui, Lin"]
[Result "0-1"]
[WhiteElo "1844"]
[BlackElo "2031"]
[PlyCount "68"]
[EventDate "2017.09.04"]
[EventType "swiss"]
[EventRounds "9"]
[EventCountry "ESP"]
[SourceTitle "Ajedrez en Madrid"]
[Source "lmi"]
[SourceDate "2017.09.04"]
[SourceVersion "1"]
[SourceVersionDate "2018.03.05"]
[SourceQuality "1"]

1. d4 d6 2. Nc3 g6 3. e4 Bg7 4. Be3 Nf6 5. Qd2 Ng4 6. O-O-O Nxe3 7. Qxe3 e6 8.
f4 Nd7 9. h4 h5 10. Nf3 Nf6 11. Nh2 Qe7 12. e5 Nd5 13. Nxd5 exd5 14. Nf3 Bg4
15. Be2 O-O-O 16. Qb3 c6 17. Rd3 dxe5 18. fxe5 Kb8 19. Qa4 Rc8 20. Ra3 b6 21.
Ba6 Rc7 22. Ne1 f6 23. Nd3 fxe5 24. Nb4 Bd7 25. Bd3 Ka8 26. Na6 Rb7 27. Bxg6
exd4 28. Rf1 Rf8 29. Rxf8+ Bxf8 30. b4 Qe1+ 31. Kb2 Bh6 32. Rf3 Qc1+ 33. Kb3
Qb1+ 34. Ka3 Bc1# 0-1

[Event "6. Torneo Distrito Chamartin 2017"]
[Site "Madrid ESP"]
[Date "2017.09.07"]
[Round "5.8"]
[White "Mkrtchyan, Levon"]
[Black "Roa Alonso, Santiago"]
[Result "1/2-1/2"]
[WhiteElo "1964"]
[BlackElo "2356"]
[PlyCount "94"]
[EventDate "2017.09.04"]
[EventType "swiss"]
[EventRounds "9"]
[EventCountry "ESP"]
[SourceTitle "Ajedrez en Madrid"]
[Source "lmi"]
[SourceDate "2017.09.04"]
[SourceVersion "1"]
[SourceVersionDate "2018.03.05"]
[SourceQuality "1"]

1. e4 g6 2. d4 Bg7 3. Ne2 d6 4. Nbc3 Nf6 5. g3 c5 6. Bg2 cxd4 7. Nxd4 O-O 8.
O-O Bg4 9. Qd3 Nbd7 10. f3 Nc5 11. Qd1 Bd7 12. Be3 Qb8 13. Nb3 Na4 14. Nxa4
Bxa4 15. Qd2 Qc7 16. c3 Rfd8 17. f4 Ng4 18. Bf2 e5 19. h3 Nxf2 20. Qxf2 exf4
21. gxf4 b5 22. Rac1 Bxb3 23. axb3 a5 24. Rfd1 Rab8 25. Rd5 b4 26. c4 Bf6 27.
Rcd1 Ra8 28. Qd2 Kg7 29. Kh2 Be7 30. e5 dxe5 31. Rd7 Rxd7 32. Qxd7 Ra7 33. Qxc7
Rxc7 34. fxe5 Rc5 35. Bd5 Rc7 36. e6 fxe6 37. Bxe6 Bf6 38. Rd7+ Rxd7 39. Bxd7
Bxb2 40. Kg2 Kf6 41. Kf3 Ke5 42. Be8 Bd4 43. Bb5 Bc5 44. Bc6 g5 45. Be8 h6 46.
Bc6 h5 47. Be8 h4 1/2-1/2

[Event "6. Torneo Distrito Chamartin 2017"]
[Site "Madrid ESP"]
[Date "2017.09.07"]
[Round "5.9"]
[White "Elissalt Cardenas, Hector"]
[Black "Porras Fernandez, Alberto"]
[Result "1-0"]
[WhiteElo "2360"]
[BlackElo "1959"]
[PlyCount "97"]
[EventDate "2017.09.04"]
[EventType "swiss"]
[EventRounds "9"]
[EventCountry "ESP"]
[SourceTitle "Ajedrez en Madrid"]
[Source "lmi"]
[SourceDate "2017.09.04"]
[SourceVersion "1"]
[SourceVersionDate "2018.03.05"]
[SourceQuality "1"]

1. d4 g6 2. c4 Bg7 3. Nc3 Nf6 4. e4 d6 5. Be2 Nbd7 6. Be3 O-O 7. g4 e5 8. d5
Nc5 9. f3 a5 10. h4 Nfd7 11. h5 Bf6 12. Qd2 g5 13. Nh3 h6 14. O-O b6 15. Nf2
Ba6 16. b3 Qe7 17. Nh1 Bc8 18. Qc2 Nb7 19. a3 Nb8 20. b4 Na6 21. Qb2 Qd8 22.
Nf2 Bd7 23. Nd3 Qe7 24. Rac1 Rfb8 25. Nb1 Bg7 26. Qc3 Bf8 27. Nd2 f6 28. Nb3
Ba4 29. b5 Bxb3 30. bxa6 Rxa6 31. Qxb3 Raa8 32. c5 Nxc5 33. Nxc5 bxc5 34. Bb5
Kg7 35. a4 Qd8 36. Qd3 Rb6 37. Bd2 Qb8 38. Rb1 Qa7 39. Kg2 Be7 40. Bc6 Rab8 41.
Rb5 Rxb5 42. Bxb5 Qb6 43. Bc3 Bd8 44. Rb1 Kf8 45. Rb2 Qa7 46. Qd2 c6 47. dxc6
Ke7 48. Qd5 Bc7 49. Bc4 1-0

[Event "6. Torneo Distrito Chamartin 2017"]
[Site "Madrid ESP"]
[Date "2017.09.07"]
[Round "5.10"]
[White "Garcia Galeote, Lorenzo"]
[Black "Solaesa Navalpotro, Luis Julio"]
[Result "1-0"]
[WhiteElo "1989"]
[BlackElo "2272"]
[PlyCount "59"]
[EventDate "2017.09.04"]
[EventType "swiss"]
[EventRounds "9"]
[EventCountry "ESP"]
[SourceTitle "Ajedrez en Madrid"]
[Source "lmi"]
[SourceDate "2017.09.04"]
[SourceVersion "1"]
[SourceVersionDate "2018.03.05"]
[SourceQuality "1"]

1. Nf3 Nf6 2. b3 g6 3. Bb2 Bg7 4. d3 O-O 5. g3 c5 6. Bg2 d5 7. Nbd2 Nc6 8. O-O
b6 9. c4 Bb7 10. cxd5 Nxd5 11. Bxg7 Kxg7 12. Qc2 e5 13. Qb2 f6 14. Ne4 Nd4 15.
Rfe1 Qd7 16. Rad1 Rad8 17. Nfd2 Rfe8 18. Nc4 Qe7 19. Nc3 f5 20. Nxd5 Bxd5 21.
Bxd5 Rxd5 22. Ne3 Rd7 23. Nc2 Qf6 24. Nxd4 cxd4 25. e3 dxe3 26. Rxe3 Kf7 27.
Rde1 Rde7 28. Qc2 Re6 29. Qc4 g5 30. Rxe5 1-0

[Event "6. Torneo Distrito Chamartin 2017"]
[Site "Madrid ESP"]
[Date "2017.09.07"]
[Round "5.11"]
[White "Lozano Freras, Sergio"]
[Black "Martinez Fernandez, Raul"]
[Result "0-1"]
[WhiteElo "1969"]
[BlackElo "2180"]
[PlyCount "130"]
[EventDate "2017.09.04"]
[EventType "swiss"]
[EventRounds "9"]
[EventCountry "ESP"]
[SourceTitle "Ajedrez en Madrid"]
[Source "lmi"]
[SourceDate "2017.09.04"]
[SourceVersion "1"]
[SourceVersionDate "2018.03.05"]
[SourceQuality "1"]

1. e4 e5 2. Nf3 Nc6 3. Bb5 a6 4. Bxc6 dxc6 5. O-O Bg4 6. h3 h5 7. d3 Qf6 8. Be3
Bxf3 9. Qxf3 Qxf3 10. gxf3 Bd6 11. Nd2 Ne7 12. Rfd1 O-O-O 13. Kf1 Rdf8 14. Nc4
Ng6 15. Ke2 Be7 16. Rg1 Rhg8 17. c3 Re8 18. b4 Bd8 19. a4 b6 20. a5 b5 21. Nd2
Nf4+ 22. Bxf4 exf4 23. Nb3 Be7 24. Rg2 g6 25. Rag1 Rd8 26. d4 Rge8 27. Nc1 c5
28. dxc5 Bf6 29. Na2 Re6 30. Rd1 Rde8 31. Kd3 Bh4 32. Nc1 g5 33. Ne2 f5 34. Nd4
fxe4+ 35. fxe4 Rxe4 36. Nf3 Re2 37. Nxh4 gxh4 38. Rg8 R2e7 39. Rxe8+ Rxe8 40.
Rg1 f3 41. Rg5 Re2 42. Rxh5 Rxf2 43. Ke3 Rc2 44. Rxh4 f2 45. Rf4 Rxc3+ 46. Kxf2
Rxh3 47. Rf6 Rh4 48. Rxa6 Rxb4 49. Rc6 Kd7 50. Rg6 Ra4 51. a6 Rc4 52. c6+ Rxc6
53. a7 Rc2+ 54. Ke3 Ra2 55. Kd4 Rxa7 56. Kc5 Rb7 57. Rg4 b4 58. Rxb4 Rxb4 59.
Kxb4 Kd6 60. Kc4 Kc6 61. Kc3 Kc5 62. Kb3 Kd4 63. Kc2 Kc4 64. Kd1 Kb3 65. Kc1 c5
0-1